000 00414nam a22001457a 4500
020 _qHB.
040 _cFIZZA ISHAQ
082 _a624.182
_bELN
100 _aElnashai , Amr S.
_9988
245 _aFundamentals of Earthquake Engineering: From Source to Fragility /
_c Amr S. Elnashai
250 _a2ND ED
260 _aNew York:
_bWiley,
_c2015.
300 _a469 P. ;
_c9.8 X 6.8 X 1.2 inches
942 _2ddc
_cBK
999 _c616584
_d616584